02816cam a22003855a 45000010009000000050017000090080041000260100017000670150019000840160018001030200016001210200018001370400056001550820021002111000021002322450073002532500027003262600051003533000034004045000023004385040031004615050534004925200857010265900011018836500027018946500040019216510010019616530025019716530025019968560092020219420029021139990017021429520129021599520142022881632692120201128020921.0100712r20101990nyua b 001 0 eng  a 2010029494 aGBB0862772bnb7 a0156058362Uk a1107507359  a9781107507357 aDLCcDLCdYDXdUKMdYDXCPdCDXdDLCdDLCbEG-ScBUE 04222a624.176bPET1 aPetyt, M.92859610aIntroduction to finite element vibration analysis /cMaurice Petyt. a2nd ed., paperback ed. aNew York :bCambridge University Press,c2015. axvi, 500 p. :bill. ;c26 cm. aIndex : p. 497-500 aBibliography : p. 479-496.8 a1. Formulation of the equations of motion -- 2. Element energy functions -- 3. Introduction to the finite element displacement method -- 4. In-plane vibration of plates -- 5. Vibration of solids -- 6. Flexural vibration of plates -- 7. Vibration of stiffened plates and folded plate structures -- 8. Vibration of shells -- 9. Vibration of laminated plates and shells -- 10. Hierarchical finite element method -- 11. Analysis of free vibration -- 12. Forced response -- 13. Forced response II. -- 14. Computer analysis techniques. a"This is an introduction to the mathematical basis of finite element analysis as applied to vibrating systems. Finite element analysis is a technique that is very important in modeling the response of structures to dynamic loads. Although this book assumes no previous knowledge of finite element methods, those who do have knowledge will still find the book to be useful. It can be utilised by aeronautical, civil, mechanical, and structural engineers as well as naval architects. This second edition includes information on the many developments that have taken place over the last twenty years. Existing chapters have been expanded where necessary, and three new chapters have been included that discuss the vibration of shells and multi-layered elements and provide an introduction to the hierarchical finite element method"--Provided by publisher. aWessam 7aVibration.93242BUEsh 7aFinite element method.921262BUEsh 2BUEsh bENGGENcFebruary2012 bENGGENcNovember2016413Table of contents onlyuhttp://www.loc.gov/catdir/enhancements/fy1011/2010029494-t.html 2ddccBBe22k624.176 PET c16382d16382 00102ddc40708 aMAINbMAINc1STd2012-02-02epurchaseg977.00h11640l0o624.176 PETp000025984r2025-07-15 00:00:00yBB 00102ddc40708BaccahaMAINbMAINc1STd2016-11-20ePurchaseg555.00h25845l0o624.176 PETp000034803r2025-07-15 00:00:00v693.75yBB